| 000 | 00521nam a2200181Ia 4500 | ||
|---|---|---|---|
| 999 |
_c27862 _d27862 |
||
| 003 | OSt | ||
| 005 | 20201231114855.0 | ||
| 008 | 190216s9999||||xx |||||||||||||| ||und|| | ||
| 020 | _a9788187083085 | ||
| 040 | _coclc | ||
| 082 |
_a894.8125 _bAPP/A |
||
| 100 |
_aAppan, K P _96949 |
||
| 245 | 0 |
_aAbhimukha Sambhaashanangal / _cK P Appan ; V Anillal |
|
| 260 |
_bImpring Books, _aKollam: _c1998. |
||
| 300 | _a102p | ||
| 650 | _aSambashanangal | ||
| 942 |
_cBK _2ddc _h894.8125 _iAPP/A _k894.8125 _mAPP/A |
||